000
00327nam a2200133Ia 4500
008
220216s9999 xx 000 0 und d
100
_a
Nair V K B
245
0
_a
Certain aspects of Hevea breeding
260
_b
Rubber Board Bulletin
_c
1968
300
_a
23-28
650
_a
Hevea breeding
700
_a
Jacob K T
942
_c
JS
999
_c
55272
_d
55272